000
00305nam a22001337a 4500
020
_a
81-7011-035-1
082
_a
001
_b
RAU/N
100
_a
RAU,CHALAPATHI
245
_a
NEHRU
_b
FOR CHILDREN
260
_a
NEW DELHI
_b
CHILDREN'S BOOK TRUST
300
_a
112
650
_a
ABOUT NEHRU
_z
NEW DELHI
942
_c
BK
999
_c
6732
_d
6732